01079nam a2200289 a 450000100060000000300080000600500170001400800410003102000420007203500190011404000270013304100080016008200260016810000550019424500690024926000760031830000290039450000200042350400320044365000350047565000320051065000280054285600450057094200120061599900170062795201450064469686BD-RjUL20211209081920.0170413s1979 enka b 001 0 eng d a0470265973 (Halsted Press) :c£13.00 a(BD-RjUL)69898 aDLCcDLCdBD-RjULbeng aeng00a541.224223bLAS 19791 aLadd, M. F. C.q(Marcus Frederick Charles)920641010aStructure and bonding in solid state chemistry /cM. F. C. Ladd. aChichester, Eng. :bEllis Horwood ;aNew York :bHalsted Press,cc1979. a326 p. :bill. ;c24 cm. aIncludes index. aBibliography: p. [308]-310. 0aSolid state chemistry.9158839 0aChemical structure.9206412 0aChemical bonds.9206413 3Ellis Horwood series in chemical science 2ddccBK c69686d69686 00102ddc40718NFICaRUCLbRUCLcReadingd1984-10-16eTappan & Tulipg71.45l0o541.224 LAS 1979r2017-04-13 00:00:00tC-1w2017-04-13yBK